000 00827nam a2200241 i 4500
001 76824
003 ES-MaACL
005 20240420063029.0
007 t|
008 041005s1964 sp ||||1| spa d
100 1 _aGullón, Ricardo,
_d1908-1991
_960938
245 1 0 _aAutobiografías de Unamuno /
_cRicardo Gullón.
260 _aMadrid :
_bGredos,
_c1964.
300 _a389 p. ;
_c21 cm.
490 1 _aBiblioteca románica hispánica ;
_vII. Estudios y ensayos ;
_v76
504 _aBibliografía: p. [357]-376.
600 1 4 _aUnamuno, Miguel de,
_d1864-1936-
_xCrítica e interpretación
_9111984
655 7 _2tgfbne
_9226823
_aAutobiografías
830 1 _aBiblioteca románica hispánica ;
_vII. Estudios y ensayos ;
_v76
_9180746
852 _aES-MaACL
_jC-25789
942 _2udc
999 _c76824
_d76824